00581 2200229 4500001002100000005001500021035002000036245006600056100001700122250000600139300003500145260003200180082000800212084001400220020002200234650001000256990001700266990001700283990001700300990001700317990001700334INLIS00000000000124620190719124946 a0010-07190000071 aMari Belajar Sains Untuk Anak :bSeri Manusia /cSiti Sriyati0 aSiti Sriyati a- avi, 90 hlm. :bilus. ;c20 cm. aJakarta :bIPA Abong,c2008 a500 a500 SIT m a978-979-3077-33-8 aSains a04449/H/2018 a04450/H/2018 a04451/H/2018 a04452/H/2018 a04460/P/2018